00901nam a2200229 a 4500001001000000003000500010005001700015008004100032010001100073011001100084040000900095100003600104245016300140260004100303500006000344502008300404650004200487650002600529650002300555650002300578856007000601000109642CHAP20220329144058.0140515s2014 mx a sm |||||||spa d a106104 a107076 cCHAP1 aMartínez Rojo, Pedro Humberto10aRespuesta embriogénicas en papa (Solanum tuberosum L.) empleando diferentes explantes cultivados in vitroh[En línea]cpor Pedro Humberto Martínez Rojo. aChapingo, Méx. :bEl autor,c2014. aPara ver el contenido del material haga clic en la liga aTesis (M.C. en Biotecnología Agrícola) -- UACH. Departamento de Fitotecnia14aCitología e histología vegetales.14aEmbrión somático.14aPapaxCrecimiento.14aSolanum tuberosum. aFinding aiduhttp://10.13.5.2/tesis/sist109642.pdfzTeclea aquí